Every City in Ohio - Statistics

General Stats
  • This quiz has been taken 17 times
  • The average score is 75 of 248
Answer Stats
Hint Answer % Correct
Summit Akron
100%
Cuyahoga Cleveland
100%
Franklin, Delaware, Fairfield Columbus
100%
Lucas Toledo
100%
Montgomery, Greene Dayton
93%
Medina Medina
93%
Hamilton Cincinnati
87%
Delaware Delaware
87%
Lorain Lorain
87%
Erie Sandusky
87%
Mahoning, Trumbull Youngstown
87%
Ashland Ashland
80%
Athens Athens
80%
Stark Canton
80%
Cuyahoga Cleveland Heights
80%
Cuyahoga Euclid
73%
Hancock Findlay
73%
Cuyahoga Parma
73%
Cuyahoga Strongsville
73%
Trumbull Warren
73%
Wood Bowling Green
67%
Franklin, Union, Delaware Dublin
67%
Butler Hamilton
67%
Portage Kent
67%
Allen Lima
67%
Marion Marion
67%
Lake Mentor
67%
Butler, Warren Middletown
67%
Wood Perrysburg
67%
Clark Springfield
67%
Muskingum Zanesville
67%
Ashtabula Ashtabula
60%
Lorain Avon
60%
Lorain Avon Lake
60%
Medina Brunswick
60%
Lorain Elyria
60%
Summit Green
60%
Erie Huron
60%
Cuyahoga Lakewood
60%
Butler Oxford
60%
Cuyahoga Shaker Heights
60%
Cuyahoga South Euclid
60%
Summit Cuyahoga Falls
53%
Defiance Defiance
53%
Cuyahoga East Cleveland
53%
Franklin Grove City
53%
Jackson Jackson
53%
Richland Mansfield
53%
Cuyahoga North Olmsted
53%
Cuyahoga Westlake
53%
Stark, Mahoning Alliance
47%
Greene Beavercreek
47%
Cuyahoga Berea
47%
Ross Chillicothe
47%
Fairfield Lancaster
47%
Hocking Logan
47%
Washington Marietta
47%
Cuyahoga Solon
47%
Summit Stow
47%
Summit Twinsburg
47%
Van Wert Van Wert
47%
Franklin, Delaware Westerville
47%
Greene Xenia
47%
Summit Barberton
40%
Cuyahoga Beachwood
40%
Cuyahoga Bedford
40%
Hamilton Blue Ash
40%
Lake Eastlake
40%
Summit Hudson
40%
Cuyahoga Independence
40%
Montgomery, Greene Kettering
40%
Cuyahoga Maple Heights
40%
Union Marysville
40%
Licking Newark
40%
Lorain North Ridgeville
40%
Lorain Oberlin
40%
Cuyahoga Parma Heights
40%
Scioto Portsmouth
40%
Jefferson Steubenville
40%
Cuyahoga University Heights
40%
Franklin Upper Arlington
40%
Fayette Washington Court House
40%
Lake Willoughby
40%
Wayne Wooster
40%
Portage Aurora
33%
Cuyahoga Bay Village
33%
Cuyahoga Brecksville
33%
Cuyahoga Brooklyn
33%
Crawford Bucyrus
33%
Pickaway Circleville
33%
Coshocton Coshocton
33%
Sandusky Fremont
33%
Cuyahoga Garfield Heights
33%
Ashtabula Geneva
33%
Lake Kirtland
33%
Cuyahoga Mayfield Heights
33%
Hamilton Montgomery
33%
Trumbull Niles
33%
Cuyahoga North Royalton
33%
Lucas Oregon
33%
Fairfield, Franklin Pickerington
33%
Miami Piqua
33%
Cuyahoga Richmond Heights
33%
Miami Troy
33%
Lake Wickliffe
33%
Lake Willowick
33%
Lorain Amherst
27%
Cuyahoga Bedford Heights
27%
Sandusky, Huron, Erie Bellevue
27%
Cuyahoga Broadview Heights
27%
Ashtabula Conneaut
27%
Columbiana East Liverpool
27%
Warren Franklin
27%
Cuyahoga Highland Heights
27%
Warren Lebanon
27%
Warren Mason
27%
Franklin, Licking New Albany
27%
Tuscarawas New Philadelphia
27%
Cuyahoga Olmsted Falls
27%
Franklin, Licking, Fairfield Reynoldsburg
27%
Cuyahogaa Rocky River
27%
Portage Streetsboro
27%
Lucas Sylvania
27%
Seneca Tiffin
27%
Montgomery Trotwood
27%
Montgomery Vandalia
27%
Lorain, Erie Vermilion
27%
Cuyahoga Warrensville Heights
27%
Franklin Worthington
27%
Franklin Bexley
20%
Franklin, Fairfield Canal Winchester
20%
Tuscarawas Dover
20%
Preble Eaton
20%
Summit Fairlawn
20%
Franklin Gahana
20%
Montgomery, Miami Huber Heights
20%
Lawrence Ironton
20%
Madison London
20%
Hamilton, Clermont, Warren Loveland
20%
Cuyahoga Lyndhurst
20%
Summit Macedonia
20%
Montgomery Miamisburg
20%
Clermont, Hamilton Milford
20%
Butler, Warren Monroe
20%
Knox Mount Vernon
20%
Hamilton Norwood
20%
Montgomery Oakwood
20%
Franklin Obetz
20%
Cuyahoga Pepper Pike
20%
Delaware Powell
20%
Portage Ravenna
20%
Cuyahoga Seven Hills
20%
Montgomery, Miami Union
20%
Wyandot Upper Sandusky
20%
Medina Wadsworth
20%
Guernsey Cambridge
13%
Mahoning Canfield
13%
Warren, Montgomery Carlisle
13%
Mercer Celina
13%
Columbiana, Mahoning Columbiana
13%
Allen, Van Wert Delphos
13%
Cuyahoga Fairview Park
13%
Crawford, Richland, Morrow Galion
13%
Franklin Groveport
13%
Hamilton Harrison
13%
Highland Hillsboro
13%
Licking Johnstown
13%
Stark Massilion
13%
Lake Mentor on the Lake
13%
Henry Napoleon
13%
Athens Nelsonville
13%
Stark North Canton
13%
Wood Northwood
13%
Richland Ontario
13%
Wayne Orrville
13%
Lake Painesville
13%
Licking Pataskala
13%
Columbiana, Mahoning Salem
13%
Hamilton, Butler Sharonville
13%
Lorain Sheffield Lake
13%
Richland Shelby
13%
Warren, Montgomery Springboro
13%
Auglaize St Marys
13%
Mahoning Struthers
13%
Delaware Sunbury
13%
Champaign Urbana
13%
Montgomery West Carrollton
13%
Franklin Whitehall
13%
Clinton Wilmington
13%
Hamilton Wyoming
13%
Williams Bryan
7%
Stark Canal Fulton
7%
Montgomery, Greene Centerville
7%
Hamilton Cheviot
7%
Sandusky Clyde
7%
Hamilton Deer Park
7%
Montgomery Englewood
7%
Seneca, Hancock, Wood Fostoria
7%
Montgomery Germantown
7%
Trumbull Girard
7%
Franklin Grandview Heights
7%
Darke Greenville
7%
Hardin Kenton
7%
Stark Louisville
7%
Hamilton Madeira
7%
Belmont Martins Ferry
7%
Lucas Maumee
7%
Summit Monroe Falls
7%
Clark New Carlisle
7%
Summit New Franklin
7%
Hamilton North College Hill
7%
Summit Norton
7%
Hamilton Reading
7%
Wayne, Medina Rittman
7%
Hamilton Springdale
7%
Shelby Sydney
7%
Summit, Portage Tallmadge
7%
Hamilton The Village of Indian Hill
7%
Miami Tipp City
7%
Jefferson Toronto
7%
Butler Trenton
7%
Auglaize Wapakoneta
7%
Fulton Wauseon
7%
Jackson Wellston
7%
Huron Willard
7%
Greene Bellbrook
0%
Logan Bellefountaine
0%
Washington Belpre
0%
Montgomery Brookville
0%
Mahoning Campbell
0%
Montgomery Clayton
0%
Trumbull Cortland
0%
Greene Fairborne
0%
Hamilton Forest Park
0%
Licking Heath
0%
Trumbull Hubbard
0%
Cuyahoga Middlesburg Heights
0%
Montgomery Moraine
0%
Hamilton Mt. Healthy
0%
Huron Northwalk
0%
Ottawa Portage Clinton
0%
Montgomery Riverside
0%
Wood Rossford
0%
Warren South Lebanon
0%
Belmont St Clairesville
0%
Tuscarawas Uhrichville
0%
Lucas Waterville
0%
Lake Willoughby Hills
0%
No matching quizzes found
Score Distribution
Percent of People with Each Score
Percentile by Number Answered
Your Score History
You have not taken this quiz